Mort Subite - Kpop Idols Chinois - Statistiques

Statistiques générales
  • Ce quiz a été pris 587 fois
    440 depuis la dernière actualisation
  • Le résultat moyen est 6 sur 17
Answers on the Grid
Answers color-coded by a green-red scale on the quiz's grid according to % correct below.
The8 - Seventeen
Yuqi - I-dle
Shuhua - I-dle
Joshua - Seventeen
Jackson - GOT7
Handong - Dreamcatcher
Kun - NCT
Chenle - NCT
Lay - Exo
Renjun - NCT
Cheng Xiao - Ex-WJSN
D.O - Exo
Winter - aespa
Jeno - NCT
Yangyang - NCT
Ningning - aespa
Bahiyyih - Kep1er
Beomgyu - TXT
Vivi - Loosemble
Yanan - Pentagon
Ricky - ZeroBaseOne
Xiaoting - Kep1er
Yiren - Everglow
Jun - Seventeen
Intak - P1Harmony
Hyunjin - Stray Kids
Hanni - NewJeans/NJZ
Mei Qi - Ex-WJSN
 
Statistiques - réponses
Réponse % Correct
Ningning - aespa
55%
Xiaoting - Kep1er
49%
Yuqi - I-dle
49%
Cheng Xiao - Ex-WJSN
43%
Jackson - GOT7
38%
Jun - Seventeen
36%
Mei Qi - Ex-WJSN
36%
The8 - Seventeen
36%
Chenle - NCT
34%
Ricky - ZeroBaseOne
34%
Renjun - NCT
29%
Lay - Exo
28%
Kun - NCT
26%
Yiren - Everglow
26%
Handong - Dreamcatcher
18%
Yanan - Pentagon
14%
Vivi - Loosemble
9%
Aucun quiz correspondant
Distribution des résultats
% des personnes avec chaque résultat
Percentile par nombre de réponses
Votre historique - résultats
Vous n’avez pas pris ce quiz depuis la dernière actualisation